[Event "GER-ch U18 Girls"]
[Site "Willingen"]
[Date "2005.05.21"]
[Round "9"]
[White "Schulze, Dorothee"]
[Black "Wetterling, Maria"]
[Result "1-0"]
[WhiteElo "1955"]
[BlackElo "1988"]
[PlyCount "93"]
[EventDate "2005.05.14"]
[EventType "swiss"]
[EventRounds "9"]
[EventCountry "GER"]
[SourceTitle "CBM 106 Extra"]
[Source "ChessBase"]
[SourceDate "2005.07.01"]
[SourceVersion "1"]
[SourceVersionDate "2005.07.01"]
[SourceQuality "1"]

1. e4 e6 2. d4 d5 3. Nd2 Be7 4. Ngf3 Nf6 5. Bd3 b6 6. Qe2 Bb7 7. e5 Nfd7 8. 0-0 c5 9. c3 Nc6 10. Rd1 Qc7 11. Nf1 h6 12. Ng3 0-0-0 13. b3 g5 14. Bb2 g4 15. Ne1 h5 16. Rac1 Rdg8 17. c4 Nb4 18. cxd5 Bxd5 19. dxc5 bxc5 20. a3 Nxd3 21. Rxd3 Qb7 22. Qd1 h4 23. Nf1 Be4 24. Rdc3 a5 25. Nd2 Bd5 26. Nc4 Bxc4 27. Rxc4 g3 28. fxg3 hxg3 29. h3 Kd8 30. Qd3 Rg5 31. Nf3 Rf5 32. Rf1 a4 33. Rxa4 Ke8 34. Rc4 Nb6 35. Rc2 Nd5 36. Nd2 Rxf1+ 37. Kxf1 Rg8 38. Ne4 Qa7 39. Qf3 c4 40. Re2 Bxa3 41. Bxa3 Qxa3 42. Nd6+ Kd8 43. Nxc4 Qc1+ 44. Re1 Qf4 45. Qxf4 Nxf4 46. Re4 Nd3 47. Rd4+ 1-0

[Event "Halle-chT (Women)"]
[Site "Halle"]
[Date "2005.04.15"]
[Round "2.5"]
[White "Zabarska, Natalia"]
[Black "Wetterling, Maria"]
[Result "1-0"]
[WhiteElo "1709"]
[BlackElo "1988"]
[PlyCount "67"]
[EventDate "2005.04.14"]
[EventType "team"]
[EventRounds "5"]
[EventCountry "GER"]
[SourceTitle "CBM 105 Extra"]
[Source "ChessBase"]
[SourceDate "2005.05.01"]
[SourceVersion "1"]
[SourceVersionDate "2005.05.01"]
[SourceQuality "1"]

1. e4 e6 2. d4 d5 3. e5 c5 4. c3 Nc6 5. Nf3 Qb6 6. Bd3 Bd7 7. 0-0 Rc8 8. dxc5 Bxc5 9. b4 Be7 10. Bf4 d4 11. a3 dxc3 12. Nxc3 Nxb4 13. Na4 Bxa4 14. Qxa4+ Nc6 15. Rac1 Bc5 16. Rc2 Nge7 17. Rfc1 Rd8 18. Bb5 Rd5 19. Bc4 Rd7 20. Ng5 Nd5 21. Bxd5 Rxd5 22. Ne4 Rd4 23. Rc4 Rxc4 24. Rxc4 Be7 25. Nd6+ Bxd6 26. exd6 Kd7 27. Rb4 Qa6 28. Qxa6 bxa6 29. Rb7+ Kd8 30. Rc7 e5 31. Be3 Nd4 32. Rxa7 Re8 33. Rxf7 Ne6 34. Bb6+ 1-0